Marxism and French labor

Gespeichert in:
Bibliographische Detailangaben
Format: Buch
Sprache:Undetermined
Veröffentlicht: New York Vantage Press 1956
Schlagworte:
Tags: Tag hinzufügen
Keine Tags, Fügen Sie den ersten Tag hinzu!
Thư viện lưu trữ: Trung tâm Học liệu Trường Đại học Cần Thơ
LEADER 00462nam a2200181Ia 4500
001 CTU_108349
008 210402s9999 xx 000 0 und d
082 |a 331.88 
082 |b M392 
245 0 |a Marxism and French labor 
260 |a New York 
260 |b Vantage Press 
260 |c 1956 
650 |a Labor unions,Communism 
650 |x History 
650 |z France,France 
904 |i M.Loan 
980 |a Trung tâm Học liệu Trường Đại học Cần Thơ